000 00756nam a2200241 a 4500
001 BRCA_5342
005 20190320205035.0
008 061210s1941----au-a######---#000-0#ger-#
041 _ager
044 _aau
050 4 _aND673.B7
_b.G46 1941
245 1 0 _aDie Gemälde Peter Bruegels
_bdes älteren
_cmit einer einleitung von Max Dvoräk.
260 _aViena, Austria
_bAnton Schroll
_c1941
300 _a61 p.
_bil. (algunas a color), 84 láminas
_c29 cm.
500 _aIncluye índice de ilustraciones
500 _aEstado físico: encuadernacón deteriorada
500 _aE107
600 1 4 _aBruegel, Pieter
_cEl viejo
_d1525-1569
_913436
650 1 4 _aPintores flamencos
_97571
700 1 _aDvorák, Max
_913699
902 _aGFM
942 _2lcc
_cB
999 _c5036
_d5036